Normal view
MARC view
- Military readiness--Data processing
Entry Topical Term
001 - CONTROL NUMBER
- control field: 118297
003 - CONTROL NUMBER IDENTIFIER
- control field: NUST
005 - DATE AND TIME OF LATEST TRANSACTION
- control field: 20231002122321.0
008 - FIXED-LENGTH DATA ELEMENTS
- fixed length control field: 231002|| aca||aabn | a|a d
040 ## - CATALOGING SOURCE
- Original cataloging agency: NUST
- Transcribing agency: NUST
150 ## - HEADING--TOPICAL TERM
- Topical term or geographic name entry element: Military readiness--Data processing
670 ## - SOURCE DATA FOUND
- Source citation: Work cat.: (NUST): Smeets, Max 118296, No Shortcuts :, 2022
